अस्मितामूलक विमर्श और हिन्दी साहित्यः पाठ एवं आलोचना (Record no. 1020855)

MARC details
000 -LEADER
fixed length control field 01098nam a2200265Ia 4500
003 - CONTROL NUMBER IDENTIFIER
control field OSt
005 - DATE AND TIME OF LATEST TRANSACTION
control field 20221005111117.0
008 - FIXED-LENGTH DATA ELEMENTS--GENERAL INFORMATION
fixed length control field 221004b |||||||| |||| 00| 0 hin d
020 ## - INTERNATIONAL STANDARD BOOK NUMBER
International Standard Book Number 9789352294909 (hbk)
037 ## - SOURCE OF ACQUISITION
Terms of availability Textual
040 ## - CATALOGING SOURCE
Original cataloging agency CRL
Transcribing agency CRL
Language of cataloging hin
041 ## - LANGUAGE CODE
Source of code hin
Language code of text/sound track or separate title hin
100 ## - MAIN ENTRY--PERSONAL NAME
Personal name रजत रानी, ‘मीनू’, संपा.
9 (RLIN) 160448
245 #0 - TITLE STATEMENT
Title अस्मितामूलक विमर्श और हिन्दी साहित्यः पाठ एवं आलोचना
246 ## - VARYING FORM OF TITLE
Title proper/short title Asmitāmūlak vimarsha aur hindī sāhityah pāṭh evan ālochanā
260 ## - PUBLICATION, DISTRIBUTION, ETC.
Place of publication, distribution, etc. नई दिल्ली
Name of publisher, distributor, etc. वाणी प्रकाशन भारत
Date of publication, distribution, etc. 2016
300 ## - PHYSICAL DESCRIPTION
Extent 220पृ0
Dimensions cm.
650 ## - SUBJECT ADDED ENTRY--TOPICAL TERM
Topical term or geographic name entry element हिन्दी साहित्य
942 ## - ADDED ENTRY ELEMENTS (KOHA)
Classification part O152:g, Q6
Koha item type Textual
Source of classification or shelving scheme
Holdings
Withdrawn status Lost status Damaged status Not for loan Home library Current library Date acquired Source of acquisition Total Checkouts Full call number Barcode Date last seen Price effective from Koha item type
        Central Library Central Library 2022-10-05 78, 15/03/2017, Mallika Books   O152:g Q6 AL1630877 2022-10-05 2022-10-05 Textual
Copyright @ Delhi University Library System